Metody shlukové analýzy

Bibliographic Details
Main Authors: Turi Nagy, Ladislav, 1947- (Author), Lukasová, A. (Author), Šarmanová, J. (Author)
Format: Article
Language:Slovak
English
Subjects:

MARC

LEADER 00000nab a2200000 a 4500
001 vtls000412099
003 SK-MaSNL
005 20260304082338.0
008 250424c1990 xo 0 slo
015 |a SNBRB19rr/mm-uuuuu 
035 |a CL0412224 
035 |a urn:nbn:sk:snk-ab7i1e 
035 |a (urnnbn)urn:nbn:sk:snk:ar-005tk3 
035 |a (uuid)b9dd7f19-4c64-48fa-9ae0-4a2c905a54f1 
040 |a SNKBUCL  |b slo  |c SNKBUCL  |e AACR2 
041 0 |a eng 
044 |a xo  |c SK 
080 |a 519.22  |2 1981 
100 1 |a Turi Nagy, Ladislav,  |d 1947-  |4 aut  |9 54283 
245 1 0 |a Metody shlukové analýzy  |c L. Turi Nagy 
650 0 7 |a zhluková analýza  |2 snkbucl  |9 63987 
655 7 |a články z novín a časopisov  |2 snkbucl  |9 267496 
700 1 |a Lukasová, A.  |4 aut  |9 1371777 
700 1 |a Šarmanová, J.  |4 aut  |9 799596 
773 0 |t Chemical papers. Chemické zvesti  |g Roč. 44, č. 3 (1990), s. 422-423 
787 0 8 |i Rec.:  |a Lukasová, A.  |t Metody shlukové analýzy  |d Praha : Nakladatelství technické literatury, 1985 
850 |a Slovenská národná knižnica 
852 |a Slovenská národná knižnica 
958 |a article7 
958 |a RK 
958 |a OND 
958 |a EUIPO 
992 |a RBX 
999 |c 2795441  |d 2797371